| 000 | 01440nam a2200253Ia 4500 | ||
|---|---|---|---|
| 999 |
_c52037 _d52037 |
||
| 001 | 19041 | ||
| 003 | GE_BSU | ||
| 005 | 20220920102305.0 | ||
| 008 | 181216s2012||||ge |||||||||||||| ||geo|| | ||
| 040 | _cGE_BSU | ||
| 041 | _ageo | ||
| 080 | _a82 მ-74 | ||
| 100 |
_aმიქელაძე, ნაილე _911575 |
||
| 245 |
_aტოპონიმური თქმულება - გადმოცემები აჭარაში : დისერტაცია / _cნაილე მიქელაძე; სამეცნიერო ხელმძღვანელი ზ. კიკნაძე, რ. ხალვაში; ბათუმის შოთა რუსთაველის სახ-ფო უნ-ტი. |
||
| 264 |
_aბათუმი, _c2012. |
||
| 300 |
_a239 გვ. ; _b30 სმ. |
||
| 653 | _aდისერტაცია | ||
| 653 | _aლიტმცოდნეობა | ||
| 653 | _aტოპონიმური თქმულება - გადმოცემები აჭარაში | ||
| 700 |
_aკიკნაძე, ზ. _eსამეცნიერო ხელმძღვანელი _98082 |
||
| 700 |
_aხალვაში, რ. _eსამეცნიერო ხელმძღვანელი _911576 |
||
| 710 |
_aბათუმის შოთა რუსთაველის სახ-ფო უნ-ტი. _911577 |
||
| 942 |
_cBK _2udc |
||